Select all State Capitals - Statistics

General Stats
  • This quiz has been taken 399 times
  • The average score is 22 of 25
Answer Stats
Question Tile Select % Correct
State Capitals Sacramento Yes
95%
State Capitals Boston Yes
92%
State Capitals Chicago No
92%
State Capitals Manchester No
92%
State Capitals New Orleans No
92%
State Capitals Tulsa No
92%
State Capitals Anchorage No
91%
State Capitals Denver Yes
91%
State Capitals Pittsburgh No
91%
State Capitals Atlanta Yes
90%
State Capitals Austin Yes
90%
State Capitals Boise Yes
90%
State Capitals Detroit No
90%
State Capitals Cleveland No
89%
State Capitals Providence Yes
89%
State Capitals Lincoln Yes
88%
State Capitals Seattle No
88%
State Capitals Cheyenne Yes
86%
State Capitals Nashville Yes
86%
State Capitals Albuquerque No
85%
State Capitals Portland No
84%
State Capitals Annapolis Yes
83%
State Capitals Jacksonville No
83%
State Capitals Charlotte No
81%
State Capitals Charleston Yes
79%
No matching quizzes found
Score Distribution
Percent of People with Each Score
Percentile by Number Answered
Your Score History
You have not taken this quiz